[Event "ODEM U25B 2012"]
[Site "Oberhof GER"]
[Date "2012.05.31"]
[Round "7"]
[White "Janke, Luisa"]
[Black "Paulweber, Lara"]
[Result "0-1"]
[Termination "normal"]
[Board "24"]
[WhiteElo "1154"]
[BlackElo "902"]
[PlyCount "96"]
[WhiteFideId "12925225"]
[BlackFideId "12954411"]
[EventCountry "GER"]
[EventRounds "9"]
[EventType "swiss"]
[EventDate "2012.05.26"]

1. e4 c5 2. Nc3 b6 3. Nf3 e6 4. Bc4 Bb7 5. O-O a6 6. d4 cxd4 7. Qxd4 d6 8. Qe3
Nf6 9. Rd1 Nbd7 10. Bd2 Qc7 11. Bb3 Be7 12. Ng5 h6 13. Nh3 Nc5 14. f3 Nxb3 15.
axb3 d5 16. Qf2 dxe4 17. fxe4 Nxe4 18. Nxe4 Bxe4 19. Bc3 Qc5 20. Bd4 Qxc2 21.
Qg3 Bc5 22. Bxc5 Qxc5+ 23. Nf2 O-O 24. Rac1 Qf5 25. Re1 Bd5 26. Ng4 Qg5 27. h4
Qg6 28. h5 Qg5 29. Rcd1 Bxb3 30. Re5 f5 31. Qxb3 Qxg4 32. Qxe6+ Kh8 33. Rf1
Qxh5 34. Rfxf5 Rxf5 35. Rxf5 Qd1+ 36. Rf1 Qd4+ 37. Rf2 Rf8 38. Qe1 Rxf2 39.
Qxf2 Qxf2+ 40. Kxf2 Kg8 41. Ke3 Kf7 42. Kf4 Kf6 43. g3 g5+ 44. Kg4 Kg6 45. Kh3
h5 46. b3 h4 47. gxh4 gxh4 48. Kxh4 Kf5 0-1

[Event "ODEM U25B 2012"]
[Site "Oberhof GER"]
[Date "2012.05.31"]
[Round "7"]
[White "Weiten, Anna"]
[Black "Häusler, Luis"]
[Result "0-1"]
[Termination "normal"]
[Board "25"]
[WhiteElo "1008"]
[BlackElo "1124"]
[PlyCount "130"]
[WhiteFideId "12938203"]
[BlackFideId "12942928"]
[EventCountry "GER"]
[EventRounds "9"]
[EventType "swiss"]
[EventDate "2012.05.26"]

1. e4 c5 2. Nf3 Nc6 3. c3 g6 4. Bd3 Bg7 5. O-O Nf6 6. h3 O-O 7. Bc2 d6 8. d3
Bd7 9. Be3 Qa5 10. Nbd2 Rfc8 11. a3 Qc7 12. d4 cxd4 13. cxd4 Na5 14. Rc1 Bb5
15. Re1 Nc4 16. Nxc4 Qxc4 17. Nh2 Qe6 18. Bg5 h6 19. Bh4 Qd7 20. f4 Qc7 21. a4
Bd7 22. Bd3 Qb6 23. Bc2 Qxb2 24. e5 Nd5 25. Be4 Rxc1 26. Qxc1 Qxc1 27. Rxc1
Nxf4 28. Re1 g5 29. Bg3 Ne6 30. d5 Nc5 31. Bc2 Bxa4 32. Bxa4 Nxa4 33. exd6 exd6
34. Bxd6 Rd8 35. Bb4 Rxd5 36. Re8+ Kh7 37. Re7 Rb5 38. Bd6 Kg6 39. Ng4 Bd4+ 40.
Kf1 Rb1+ 41. Ke2 Bc3 42. Ne5+ Bxe5 43. Rxe5 b5 44. Re4 Nc3+ 45. Kd3 Nxe4 46.
Kxe4 Re1+ 47. Kd4 Rd1+ 48. Kc5 Rxd6 49. Kxd6 b4 50. g3 b3 51. h4 gxh4 52. gxh4
Kh5 53. Kd5 b2 54. Kd4 b1=Q 55. Ke5 Qd3 56. Kf4 Qe2 57. Kf5 Qc4 58. Ke5 Qd3 59.
Kf4 a5 60. Ke5 a4 61. Kf4 a3 62. Ke5 a2 63. Kf4 a1=R 64. Ke5 Re1+ 65. Kf6 Qg6#
0-1

[Event "ODEM U25B 2012"]
[Site "Oberhof GER"]
[Date "2012.05.31"]
[Round "7"]
[White "Stockter, Jasper Enno"]
[Black "Eggert, Daniela"]
[Result "0-1"]
[Termination "normal"]
[Board "26"]
[WhiteElo "1107"]
[BlackElo "927"]
[PlyCount "20"]
[WhiteFideId "12957291"]
[BlackFideId "12991490"]
[EventCountry "GER"]
[EventRounds "9"]
[EventType "swiss"]
[EventDate "2012.05.26"]

1. e4 e5 2. Nf3 Nc6 3. d4 exd4 4. Nxd4 Nf6 5. Nc3 Bb4 6. Bg5 Qe7 7. f3 d6 8.
Bb5 Bd7 9. Qd3 Qe5 10. O-O-O Qxg5+ 0-1

[Event "ODEM U25B 2012"]
[Site "Oberhof GER"]
[Date "2012.05.31"]
[Round "7"]
[White "Mönster, Michel"]
[Black "Wagner, Swenja"]
[Result "0-1"]
[Termination "normal"]
[Board "27"]
[WhiteElo "988"]
[BlackElo "1287"]
[PlyCount "128"]
[WhiteFideId "12947164"]
[BlackFideId "12900494"]
[EventCountry "GER"]
[EventRounds "9"]
[EventType "swiss"]
[EventDate "2012.05.26"]

1. f4 f5 2. e3 Nf6 3. Nf3 b6 4. Bc4 e6 5. O-O Bb7 6. b3 Bc5 7. Bb2 Nc6 8. Nc3
Qe7 9. a3 O-O-O 10. b4 Bd6 11. Qe2 Rdg8 12. Ba6 h6 13. Bxb7+ Kxb7 14. b5 Na5
15. e4 Bxf4 16. exf5 Qc5+ 17. Kh1 exf5 18. Nd4 Qxd4 19. Qf3+ Kb8 20. Qxf4 Qxf4
21. Rxf4 Re8 22. Rxf5 Nc4 23. Na4 Nxb2 24. Nxb2 Re2 25. Rd1 Rhe8 26. Nd3 c5 27.
bxc6 dxc6 28. h3 Ne4 29. Rf7 c5 30. Kh2 g6 31. a4 Rxd2 32. Rc1 Nd6 33. Rd7 Nc4
34. a5 Ree2 35. Kg3 Rxg2+ 36. Kh4 Nxa5 37. Rf1 Kc8 38. Rh7 Nc6 39. Rff7 Rge2
40. Rc7+ Kd8 41. Rxc6 Re7 42. Rxh6 Rxc2 43. Rhxg6 Re4+ 44. Kh5 a5 45. Rxb6 c4
46. Nc5 Re5+ 47. Kh6 Rxc5 48. Rb8+ Kc7 49. Rf8 a4 50. Rf7+ Kb8 51. Rg8+ Rc8 52.
Rgg7 Rh8+ 53. Kg5 Rg2+ 54. Kf4 Rxg7 55. Rxg7 Rxh3 56. Ke5 a3 57. Kd6 a2 58. Kc6
a1=Q 59. Rg8+ Ka7 60. Kb5 Qb2+ 61. Kc5 Rh5+ 62. Kc6 Qb6+ 63. Kd7 Rh7+ 64. Kc8
Qb8# 0-1

[Event "ODEM U25B 2012"]
[Site "Oberhof GER"]
[Date "2012.05.31"]
[Round "7"]
[White "Zebandt, Manuel"]
[Black "Moos, Daniel"]
[Result "0-1"]
[Termination "normal"]
[Board "28"]
[WhiteElo "985"]
[BlackElo "1173"]
[PlyCount "174"]
[EventCountry "GER"]
[EventRounds "9"]
[EventType "swiss"]
[EventDate "2012.05.26"]

1. e4 g6 2. Nf3 Bg7 3. Bc4 e6 4. Nc3 Ne7 5. d3 d5 6. exd5 exd5 7. Bb3 c6 8. O-O
O-O 9. Bg5 h6 10. Bh4 Qd7 11. Bxe7 Qxe7 12. Re1 Qd6 13. Re2 Bg4 14. Re1 Nd7 15.
h3 Bf5 16. d4 Rfe8 17. Re2 Kf8 18. Re3 Rxe3 19. fxe3 Re8 20. Qd2 Qg3 21. Qe1
Qd6 22. Nd2 Bxd4 23. Nf1 Bg7 24. Rd1 Qc5 25. Qg3 Nf6 26. Na4 Qe7 27. Qh4 Ne4
28. Qxe7+ Rxe7 29. Re1 Nd6 30. c3 Ne4 31. Bc2 Nd6 32. Bxf5 Nxf5 33. Nc5 Nd6 34.
Nd2 h5 35. e4 dxe4 36. Ndxe4 Nxe4 37. Rxe4 b6 38. Rxe7 Kxe7 39. Ne4 Bh6 40. Kh2
Ke6 41. Kg3 Ke5 42. Nf2 Bg5 43. Nd3+ Kd6 44. h4 Bf6 45. c4 c5 46. b3 Be5+ 47.
Kf3 Ke6 48. Ke4 f5+ 49. Kf3 Kf6 50. Nf4 Bd6 51. Nd5+ Kg7 52. Nf4 Kh6 53. Ne6
Be7 54. Kf4 Bxh4 55. g3 Be7 56. Kf3 g5 57. Nc7 Kg6 58. Nd5 Bd8 59. Ne3 g4+ 60.
Kf2 h4 61. gxh4 Bxh4+ 62. Kg2 Kg5 63. Nd5 f4 64. Nc3 f3+ 65. Kf1 Kf4 66. Nd5+
Ke4 67. Nc3+ Kf5 68. Nd5 g3 69. Ne3+ Ke4 70. Ng4 Bg5 71. Nf2+ gxf2 72. Kxf2
Bh4+ 73. Kf1 Kd3 74. Kg1 Kc2 75. Kh2 Kb2 76. Kg1 Kxa2 77. Kh2 Kxb3 78. Kg1 Kxc4
79. Kh2 a5 80. Kh3 f2 81. Kg2 a4 82. Kf1 a3 83. Ke2 a2 84. Kf1 a1=Q+ 85. Ke2
f1=Q+ 86. Kd2 Bg5+ 87. Kc2 Qe2# 0-1

[Event "ODEM U25B 2012"]
[Site "Oberhof GER"]
[Date "2012.05.31"]
[Round "7"]
[White "Schulze, Lara"]
[Black "Hoffmann, Rasmus"]
[Result "0-1"]
[Termination "normal"]
[Board "29"]
[WhiteElo "994"]
[BlackElo "1151"]
[PlyCount "106"]
[WhiteFideId "12956830"]
[EventCountry "GER"]
[EventRounds "9"]
[EventType "swiss"]
[EventDate "2012.05.26"]

1. c4 c5 2. e4 d6 3. Nc3 Nc6 4. g3 Nf6 5. h3 e5 6. Bg2 Be6 7. d3 Be7 8. Nge2
O-O 9. O-O Nd7 10. f4 Ndb8 11. f5 Bd7 12. g4 Nd4 13. Nxd4 cxd4 14. Nd5 Bh4 15.
Qf3 Bc6 16. Nb4 Bd7 17. Bd2 b5 18. b3 bxc4 19. bxc4 Ba4 20. Be1 Bg5 21. Bf2 Nd7
22. Qg3 Bf4 23. Qf3 Nc5 24. Nd5 Bg5 25. Qg3 Bc6 26. h4 Bxd5 27. hxg5 Bc6 28. f6
gxf6 29. gxf6 Qxf6 30. Bxd4 Qe7 31. Be3 a5 32. Rf2 Kh8 33. Raf1 Ra7 34. Bd2 Be8
35. g5 Rg8 36. Bc3 Rxg5 37. Qh2 Nxd3 38. Rf3 Nc5 39. Rh3 Rg7 40. Kf2 f6 41. Ke1
Bg6 42. Re3 Qe6 43. Bd2 Rgf7 44. Ref3 Nxe4 45. Be3 Rac7 46. Bb6 Rxc4 47. Bxa5
Ra4 48. Bb6 Rxa2 49. Be3 d5 50. Bh3 Qa6 51. R1f2 Nxf2 52. Rxf2 Ra1+ 53. Kd2
Qd3# 0-1

[Event "ODEM U25B 2012"]
[Site "Oberhof GER"]
[Date "2012.05.31"]
[Round "7"]
[White "Weiten, Katharina"]
[Black "Karge, Ole Jannes"]
[Result "0-1"]
[Termination "normal"]
[Board "30"]
[WhiteElo "882"]
[BlackElo "1090"]
[PlyCount "102"]
[WhiteFideId "12971979"]
[BlackFideId "12957267"]
[EventCountry "GER"]
[EventRounds "9"]
[EventType "swiss"]
[EventDate "2012.05.26"]

1. e4 c5 2. Nf3 Nc6 3. c3 Qb6 4. Bd3 d6 5. Bc2 Bg4 6. d3 e6 7. h3 Bh5 8. Be3 d5
9. d4 c4 10. e5 Qxb2 11. Nbd2 Qxc3 12. O-O Qa5 13. Re1 Bb4 14. Re2 f6 15. g4
Bg6 16. Ba4 b5 17. Bc2 fxe5 18. dxe5 Bc3 19. Rb1 Bxc2 20. Qxc2 d4 21. Ne1 dxe3
22. Qe4 Nge7 23. Ndf3 exf2+ 24. Rxf2 Bxe1 25. Rxe1 Rd8 26. Ng5 Nd5 27. Qf3
Qxe1+ 28. Rf1 Qxf1+ 29. Qxf1 Rf8 30. Qb1 Ne3 31. Qxh7 Rf1+ 32. Kh2 Rd2+ 33. Kg3
Rg2+ 34. Kh4 Rgf2 35. Qg6+ Kd7 36. Qxe6+ Kc7 37. Qe8 c3 38. Ne6+ Kb6 39. Nd8
Ka5 40. Nxc6+ Ka4 41. Qd8 Nc4 42. e6 c2 43. Qe7 a5 44. Qxg7 c1=Q 45. e7 Re2 46.
Nd4 Rxe7 47. Qxe7 Qh6+ 48. Kg3 Rh1 49. h4 Qd2 50. Qd7 Qh2+ 51. Kf3 Ne5+ 0-1

[Event "ODEM U25B 2012"]
[Site "Oberhof GER"]
[Date "2012.05.31"]
[Round "7"]
[White "Hacklinger, Leon"]
[Black "Vuckovic, Robert"]
[Result "1-0"]
[Termination "normal"]
[Board "31"]
[WhiteElo "877"]
[BlackElo "1081"]
[PlyCount "67"]
[WhiteFideId "16205111"]
[BlackFideId "12998680"]
[EventCountry "GER"]
[EventRounds "9"]
[EventType "swiss"]
[EventDate "2012.05.26"]

1. e4 e6 2. d4 d5 3. exd5 exd5 4. Nf3 Bd6 5. Nc3 c6 6. Bd3 Ne7 7. O-O Bf5 8.
Bxf5 Nxf5 9. Re1+ Ne7 10. Bd2 O-O 11. Ng5 h6 12. Nf3 Nd7 13. Qe2 Re8 14. Qd3
Qc7 15. g3 Ng6 16. Rad1 Nb6 17. b3 a5 18. a4 Rf8 19. Re2 Rae8 20. Rde1 Re7 21.
Rxe7 Bxe7 22. Ne5 Nxe5 23. Rxe5 Bf6 24. Rf5 Be7 25. Rf4 Qd6 26. Bc1 Qe6 27. Qe3
Qh3 28. Qxe7 Qh5 29. Qxb7 Nc8 30. Kh1 Qg6 31. Qd7 Qxc2 32. Be3 Qxc3 33. Rg4 f5
34. Qxg7# 1-0

[Event "ODEM U25B 2012"]
[Site "Oberhof GER"]
[Date "2012.05.31"]
[Round "7"]
[White "Koll, Linus"]
[Black "Bossert, Moritz"]
[Result "1-0"]
[Termination "normal"]
[Board "32"]
[WhiteElo "1052"]
[BlackElo "787"]
[PlyCount "93"]
[WhiteFideId "12990299"]
[BlackFideId "16239946"]
[EventCountry "GER"]
[EventRounds "9"]
[EventType "swiss"]
[EventDate "2012.05.26"]

1. e4 e6 2. d4 d5 3. Nc3 c5 4. Nf3 Nc6 5. Bb5 Bd7 6. Bxc6 Bxc6 7. Ne5 dxe4 8.
Nxc6 bxc6 9. Nxe4 Qxd4 10. Qxd4 cxd4 11. Bf4 Nf6 12. Nd6+ Bxd6 13. Bxd6 Rd8 14.
Bc5 d3 15. cxd3 Rxd3 16. Bxa7 O-O 17. O-O Rd5 18. Be3 Rb5 19. Rfc1 Ng4 20. Bf4
Rf5 21. Bg3 Rc8 22. h3 Nf6 23. Rc3 Nd5 24. Rc5 Ne7 25. Rxf5 Nxf5 26. Be5 f6 27.
Bc3 Kf7 28. a4 g5 29. b4 h5 30. Be1 Nh6 31. b5 cxb5 32. axb5 Rb8 33. Rb1 Kg6
34. b6 g4 35. b7 Kg5 36. Bd2+ Kg6 37. Ba5 gxh3 38. gxh3 Rg8 39. b8=Q Kf5+ 40.
Qxg8 Nxg8 41. Rb5+ e5 42. Bd2 Ke4 43. Rb4+ Kd3 44. Be1 f5 45. f4 exf4 46. Rxf4
Ke3 47. Rxf5 1-0

[Event "ODEM U25B 2012"]
[Site "Oberhof GER"]
[Date "2012.05.31"]
[Round "7"]
[White "Lang, Thomas"]
[Black "Kobald, Pierre"]
[Result "1-0"]
[Termination "normal"]
[Board "33"]
[WhiteElo "945"]
[BlackElo "869"]
[PlyCount "81"]
[WhiteFideId "12982520"]
[BlackFideId "12983659"]
[EventCountry "GER"]
[EventRounds "9"]
[EventType "swiss"]
[EventDate "2012.05.26"]

1. e4 c5 2. Nf3 g6 3. Bc4 Bg7 4. Ng5 e6 5. d3 Ne7 6. Nc3 O-O 7. Bf4 Nbc6 8. Nb5
a6 9. Nc7 Ra7 10. Bd6 b5 11. Bb3 e5 12. Nd5 Re8 13. Nxe7+ Nxe7 14. Bxf7+ Kh8
15. Bxg6 Nxg6 16. Nf7+ Kg8 17. Nxd8 Rxd8 18. Bxc5 Rb7 19. O-O d6 20. Bb4 Rdd7
21. Qh5 d5 22. Rfe1 Rb6 23. Re3 Rf7 24. Rf3 Rbb7 25. Re1 Rbc7 26. c3 d4 27.
cxd4 exd4 28. Rxf7 Kxf7 29. Qd5+ Be6 30. Qd8 Rd7 31. Qa8 Bxa2 32. Qxa6 Be6 33.
Qxb5 Ne5 34. Rc1 Bh6 35. Rd1 Rc7 36. Qxe5 Rb7 37. Qh5+ Kg7 38. Bf8+ Kxf8 39.
Qxh6+ Kg8 40. Qxe6+ Kf8 41. Qc8+ 1-0

[Event "ODEM U25B 2012"]
[Site "Oberhof GER"]
[Date "2012.05.31"]
[Round "7"]
[White "Kluge, Helene"]
[Black "Kalina, Joshua"]
[Result "0-1"]
[Termination "normal"]
[Board "34"]
[WhiteElo "827"]
[BlackElo "941"]
[PlyCount "32"]
[WhiteFideId "12983179"]
[EventCountry "GER"]
[EventRounds "9"]
[EventType "swiss"]
[EventDate "2012.05.26"]

1. e4 e5 2. Nf3 Nc6 3. Bb5 a6 4. Ba4 Bc5 5. h3 Nf6 6. d3 O-O 7. O-O b5 8. Bb3
h6 9. Re1 d6 10. Nbd2 Bd7 11. Nf1 Qc8 12. Ng3 Bxh3 13. gxh3 Qxh3 14. a3 Ng4 15.
Be3 Nd4 16. Qc1 Nxf3# 0-1

[Event "ODEM U25B 2012"]
[Site "Oberhof GER"]
[Date "2012.05.31"]
[Round "7"]
[White "Kung, Fanny"]
[Black "Grund, Melanie"]
[Result "0-1"]
[Termination "normal"]
[Board "35"]
[WhiteElo "825"]
[BlackElo "885"]
[PlyCount "24"]
[WhiteFideId "12987689"]
[BlackFideId "12988804"]
[EventCountry "GER"]
[EventRounds "9"]
[EventType "swiss"]
[EventDate "2012.05.26"]

1. e4 e5 2. Nf3 Nc6 3. Bc4 Nf6 4. Ng5 Qe7 5. Bxf7+ Kd8 6. Bc4 h6 7. Nf7+ Ke8 8.
Nxh8 d6 9. Ng6 Qd8 10. c3 Nxe4 11. d4 Qf6 12. Nxf8 Qxf2# 0-1

[Event "ODEM U25B 2012"]
[Site "Oberhof GER"]
[Date "2012.05.31"]
[Round "7"]
[White "Abicht, Aruna Sophia"]
[Black "Riehle, Fabio"]
[Result "1-0"]
[Termination "normal"]
[Board "36"]
[WhiteElo "892"]
[BlackElo "1129"]
[PlyCount "109"]
[BlackFideId "36052140"]
[EventCountry "GER"]
[EventRounds "9"]
[EventType "swiss"]
[EventDate "2012.05.26"]

1. e4 e5 2. Nf3 Nc6 3. Nc3 Nf6 4. d4 exd4 5. Nxd4 Bb4 6. Nxc6 bxc6 7. Bd3 d5 8.
exd5 cxd5 9. O-O O-O 10. a3 Ba5 11. b4 Bb6 12. Bf4 Bd4 13. Qd2 Ne4 14. Bxe4
dxe4 15. Be3 Bxc3 16. Qxc3 Ba6 17. Rfd1 Qe7 18. Bc5 Qf6 19. Qxf6 gxf6 20. Bxf8
Kxf8 21. Rd2 Ke7 22. Re1 Bb7 23. c4 a5 24. b5 c6 25. b6 c5 26. f3 f5 27. fxe4
Bxe4 28. Kf2 Rg8 29. g3 Kf6 30. Rd7 Kg5 31. h3 f4 32. Rxe4 fxg3+ 33. Kxg3 Kf5+
34. Kf3 Rg1 35. b7 Rf1+ 36. Kg3 Rb1 37. Ree7 Kg5 38. Rd8 Kf6 39. b8=Q Rxb8 40.
Rxb8 Kxe7 41. Rb6 h6 42. Kg4 h5+ 43. Kxh5 f5 44. Kg5 f4 45. Kxf4 a4 46. Ke5 Kd7
47. Kd5 Kc7 48. Rd6 Kb7 49. Rc6 Kb8 50. Kxc5 Kb7 51. Kb5 Ka7 52. Rb6 Ka8 53.
Kc6 Ka7 54. Kc7 Ka8 55. Ra6# 1-0

[Event "ODEM U25B 2012"]
[Site "Oberhof GER"]
[Date "2012.05.31"]
[Round "7"]
[White "Lange, Alina"]
[Black "Wiemann, Daniel"]
[Result "0-1"]
[Termination "normal"]
[Board "37"]
[WhiteElo "859"]
[BlackElo "963"]
[PlyCount "114"]
[BlackFideId "12942944"]
[EventCountry "GER"]
[EventRounds "9"]
[EventType "swiss"]
[EventDate "2012.05.26"]

1. c4 e5 2. d3 Nc6 3. Nf3 Nf6 4. Nc3 d6 5. g3 d5 6. cxd5 Nxd5 7. Nxd5 Qxd5 8.
e4 Qd8 9. Bg2 Bb4+ 10. Bd2 Bg4 11. O-O Bxf3 12. Bxf3 O-O 13. a3 Bxd2 14. Qxd2
Nd4 15. Qc3 Nxf3+ 16. Kg2 Nd4 17. Rac1 Ne2 18. Qxe5 Nxc1 19. Rxc1 Qd6 20. Qc3
c6 21. e5 Qd5+ 22. Kg1 Rfe8 23. d4 Rad8 24. Rd1 c5 25. b4 cxd4 26. Qd3 Rxe5 27.
a4 Qe4 28. Qxe4 Rxe4 29. Rc1 d3 30. Kf1 d2 31. Rd1 Rxb4 32. Ke2 Rxa4 33. h4 h6
34. Rxd2 Rxd2+ 35. Kxd2 b5 36. Kc3 Ra2 37. f3 Ra3+ 38. Kb4 Rxf3 39. Kxb5 Rxg3
40. Ka6 f5 41. Kxa7 f4 42. Kb6 f3 43. Kc5 f2 44. Kd4 f1=Q 45. Ke4 Qd3+ 46. Kf4
Qe3+ 47. Kf5 g6+ 48. Kf6 Qf4+ 49. Ke6 Qf5+ 50. Kd6 Kf7 51. h5 gxh5 52. Kc6 Rg6+
53. Kc7 Kf6 54. Kd6 Kg7+ 55. Ke7 Qf7+ 56. Kd8 Kh7 57. Kc8 Rg8# 0-1

[Event "ODEM U25B 2012"]
[Site "Oberhof GER"]
[Date "2012.05.31"]
[Round "7"]
[White "Müdder, Melanie"]
[Black "Reuker, Ronja"]
[Result "0-1"]
[Termination "normal"]
[Board "39"]
[WhiteElo "761"]
[BlackElo "825"]
[PlyCount "42"]
[WhiteFideId "12994103"]
[BlackFideId "12947172"]
[EventCountry "GER"]
[EventRounds "9"]
[EventType "swiss"]
[EventDate "2012.05.26"]

1. e4 e5 2. Nf3 Nc6 3. Bc4 Be7 4. Nc3 Nf6 5. Ng5 O-O 6. O-O h6 7. Nf3 Nxe4 8.
Nxe4 d5 9. Bxd5 Qxd5 10. Nc3 Qd7 11. d3 Qd6 12. Ne4 Qg6 13. Re1 Bh3 14. g3 Bg4
15. h3 Bxh3 16. Nh2 Bh4 17. Be3 f5 18. Bc5 fxe4 19. Bxf8 Bxg3 20. fxg3 Qxg3+
21. Kh1 Qg2# 0-1

[Event "ODEM U25B 2012"]
[Site "Oberhof GER"]
[Date "2012.05.31"]
[Round "7"]
[White "Gazizov, Erik"]
[Black "Lilienthal, Niels Bennett"]
[Result "0-1"]
[Termination "normal"]
[Board "40"]
[WhiteElo "747"]
[BlackElo "928"]
[PlyCount "82"]
[WhiteFideId "12951358"]
[BlackFideId "16205421"]
[EventCountry "GER"]
[EventRounds "9"]
[EventType "swiss"]
[EventDate "2012.05.26"]

1. e4 c5 2. d4 b6 3. Nc3 Nc6 4. dxc5 bxc5 5. Be3 d6 6. Qd2 Nf6 7. f3 g6 8.
O-O-O Bg7 9. Bxc5 dxc5 10. Qxd8+ Nxd8 11. Rxd8+ Kxd8 12. Bc4 Be6 13. Bxe6 fxe6
14. g4 Nd7 15. Nge2 Bxc3 16. Nxc3 Ne5 17. Rd1+ Ke8 18. Nb5 Nxf3 19. Nc7+ Kf7
20. Nxa8 Rxa8 21. h3 Ng5 22. h4 Nxe4 23. h5 gxh5 24. Rf1+ Kg6 25. Rg1 Rf8 26.
gxh5+ Kxh5 27. b3 Nc3 28. Rh1+ Kg6 29. Kb2 Ne4 30. Rh4 Ng5 31. Rg4 h5 32. Rg2
h4 33. a4 h3 34. Rh2 Rh8 35. Rh1 h2 36. c3 Ne4 37. Ka3 Nf2 38. Rxh2 Rxh2 39. b4
cxb4+ 40. Kxb4 e5 41. a5 e4 0-1

[Event "ODEM U25B 2012"]
[Site "Oberhof GER"]
[Date "2012.05.31"]
[Round "7"]
[White "Gazizova, Alina"]
[Black "Lohrmann, Linus"]
[Result "1-0"]
[Termination "normal"]
[Board "41"]
[WhiteElo "767"]
[BlackElo "824"]
[PlyCount "97"]
[WhiteFideId "12951366"]
[BlackFideId "12982857"]
[EventCountry "GER"]
[EventRounds "9"]
[EventType "swiss"]
[EventDate "2012.05.26"]

1. e4 e5 2. d4 Nc6 3. d5 Nb4 4. c3 Na6 5. Bxa6 bxa6 6. Nf3 d6 7. O-O Bg4 8.
Nbd2 Nf6 9. c4 Rb8 10. b3 c5 11. h3 Bxf3 12. Qxf3 Be7 13. Qg3 Qd7 14. Qxg7 Rg8
15. Qh6 Bd8 16. Qe3 Ba5 17. Bb2 Bb6 18. Rad1 Ba5 19. Kh1 Ra8 20. f4 exf4 21.
Rxf4 Bxd2 22. Rxd2 Nh5 23. Rf3 Rg6 24. e5 Qe7 25. exd6 Qxe3 26. Rxe3+ Kd7 27.
Rf2 Ng3+ 28. Kg1 Rf8 29. Kh2 Nh5 30. g4 Ng7 31. Bxg7 Rxg7 32. Re7+ Kxd6 33.
Rxa7 Rg5 34. Rxa6+ Kc7 35. Rc6+ Kd7 36. Rxc5 Kd6 37. Rb5 Rg6 38. Rb6+ Kc7 39.
Rxg6 hxg6 40. a4 f6 41. Kg3 Rb8 42. Rxf6 Rxb3+ 43. Kh4 Ra3 44. Rxg6 Rxa4 45.
Rc6+ Kb7 46. c5 Rd4 47. Rb6+ Kc7 48. d6+ Kd7 49. Kh5 1-0